| 000 | 00412nam a2200145Ia 4500 | ||
|---|---|---|---|
| 008 | 210716s2008 xx 000 0 und d | ||
| 020 | _a9780070586697 | ||
| 041 | _aeng | ||
| 082 | _a658.84 BOWD | ||
| 100 | _aBowersox, Donald J; Cooper, M Bixby. | ||
| 245 | _aStrategic marketing channel management. | ||
| 250 | _a1 | ||
| 260 |
_aNew Delhi _bTata McGraw Hill Publishing Company Ltd _c2008 |
||
| 300 | _axix,488 | ||
| 999 |
_c182702 _d182702 |
||